[Event "GBR-ch 99th"]
[Site "North Shields"]
[Date "2012.07.23"]
[Round "1"]
[White "Townsend, M Paul"]
[Black "Gordon, Stephen J"]
[Result "0-1"]
[WhiteElo "2252"]
[BlackElo "2539"]
[PlyCount "124"]
[EventDate "2012.07.23"]
[EventType "swiss"]
[EventRounds "11"]
[EventCountry "ENG"]
[Source "John Saunders"]
[SourceDate "2015.07.24"]

1. d4 Nf6 2. Nf3 e6 3. c4 b6 4. g3 Ba6 5. Nbd2 d5 6. Bg2 Bd6 7. O-O O-O 8. Qc2
Nbd7 9. e4 dxe4 10. Ng5 Rb8 11. Ndxe4 h6 12. Nxf6+ Nxf6 13. Nf3 Bb7 14. Rd1 Qc8
15. b3 Be4 16. Qe2 Qb7 17. Bb2 Be7 18. Nh4 Rfe8 19. Bxe4 Nxe4 20. f3 Nf6 21.
Ng2 b5 22. Ne3 bxc4 23. Nxc4 Qb5 24. Kf2 a5 25. Rab1 a4 26. Ba1 axb3 27. axb3
Rb7 28. Ne5 Ra8 29. Qxb5 Rxb5 30. Nc6 Nd5 31. Rd2 g5 32. Rc2 Bd6 33. Bc3 Ra3
34. Bd2 Rbxb3 35. Rxb3 Rxb3 36. Na5 Rd3 37. Nc6 Kg7 38. Ke2 Ra3 39. Kf2 Kg6 40.
Na5 Rd3 41. Nc6 h5 42. Ra2 h4 43. Ke2 Rc3 44. Ne5+ Bxe5 45. dxe5 hxg3 46. hxg3
g4 47. fxg4 Rxg3 48. Ra4 Nc3+ 49. Kf2 Rd3 50. Bxc3 Rxc3 51. Rf4 Rc5 52. Re4 Kg5
53. Kf3 Rd5 54. Re1 c5 55. Re2 Rd4 56. Rg2 Rf4+ 57. Ke3 Rxg4 58. Rf2 Kg6 59.
Kd3 Kg7 60. Rf1 c4+ 61. Ke3 c3 62. Rf2 Rc4 0-1

[Event "GBR-ch 99th"]
[Site "North Shields"]
[Date "2012.07.23"]
[Round "1"]
[White "Turner, Matthew"]
[Black "Storey, Charles"]
[Result "1-0"]
[WhiteElo "2508"]
[BlackElo "2247"]
[PlyCount "75"]
[EventDate "2012.07.23"]
[EventType "swiss"]
[EventRounds "11"]
[EventCountry "ENG"]
[Source "John Saunders"]
[SourceDate "2015.07.24"]

1. d4 c5 2. c3 cxd4 3. cxd4 g6 4. Nc3 d5 5. Bg5 Bg7 6. e3 Nf6 7. Bd3 O-O 8. Nf3
Nc6 9. h3 Be6 10. O-O Nh5 11. Rc1 f5 12. Re1 Bf7 13. Bf1 h6 14. Bf4 Nxf4 15.
exf4 Qb6 16. Na4 Qc7 17. Ne5 Qd6 18. Nc5 Nd8 19. Qb3 b6 20. Na6 Ne6 21. Nxf7
Kxf7 22. Rxe6 Qxe6 23. Nc7 Qd6 24. Bb5 Rac8 25. Rc6 Rxc7 26. Rxd6 exd6 27.
Qxd5+ Ke7 28. Bc4 Rf6 29. b3 Bf8 30. h4 h5 31. g3 Kd8 32. Qa8+ Ke7 33. Qb8 Rd7
34. Bb5 d5 35. Bxd7 Kxd7 36. Qxa7+ Kc6 37. Qa8+ Kd6 38. Qd8+ 1-0

[Event "GBR-ch 99th"]
[Site "North Shields"]
[Date "2012.07.23"]
[Round "1"]
[White "Varnam, Liam"]
[Black "McDonald, Ian"]
[Result "1-0"]
[WhiteElo "2070"]
[BlackElo "1876"]
[PlyCount "63"]
[EventDate "2012.07.23"]
[EventType "swiss"]
[EventRounds "11"]
[EventCountry "ENG"]
[Source "John Saunders"]
[SourceDate "2015.07.24"]

1. e4 e5 2. Nf3 Nc6 3. Bb5 a6 4. Ba4 Nf6 5. O-O Be7 6. Re1 d6 7. c3 O-O 8. h3
Re8 9. d4 exd4 10. cxd4 d5 11. exd5 Nxd5 12. Ne5 Bd7 13. Nxf7 Qc8 14. Bb3 Be6
15. Ng5 Bxg5 16. Bxg5 Bf7 17. Rxe8+ Qxe8 18. Nc3 Qd7 19. Nxd5 Bxd5 20. Qf3 Bxb3
21. Qxb3+ Kh8 22. Qxb7 Rb8 23. Qxa6 Nxd4 24. b3 Qd5 25. Qc4 Nf3+ 26. gxf3 Qxg5+
27. Qg4 Qe5 28. Rc1 Rf8 29. Qg3 Rf4 30. Rc4 Qe1+ 31. Kg2 Rf6 32. Re4 1-0

[Event "GBR-ch 99th"]
[Site "North Shields"]
[Date "2012.07.23"]
[Round "1"]
[White "Wadsworth, Matthew J"]
[Black "Coathup, Roger"]
[Result "1-0"]
[WhiteElo "2037"]
[BlackElo "2136"]
[PlyCount "59"]
[EventDate "2012.07.23"]
[EventType "swiss"]
[EventRounds "11"]
[EventCountry "ENG"]
[Source "John Saunders"]
[SourceDate "2015.07.24"]

1. c4 e5 2. g3 g6 3. Bg2 Bg7 4. Nc3 Nc6 5. e4 h5 6. h4 d6 7. d3 Nh6 8. Nge2 O-O
9. O-O Be6 10. Nd5 Nd4 11. Nxd4 exd4 12. Nf4 Bg4 13. Qb3 Rb8 14. f3 Bd7 15. a4
a5 16. Bd2 b6 17. Rae1 Kh7 18. Qc2 Be5 19. Ne2 f5 20. b3 c5 21. Bg5 Qc7 22. Nf4
Rbe8 23. Nd5 Qb8 24. Qd2 Ng8 25. f4 Bg7 26. Bh3 Be6 27. exf5 gxf5 28. Qe2 Kg6
29. Qf3 Nh6 30. Ne7+ 1-0

[Event "GBR-ch 99th"]
[Site "North Shields"]
[Date "2012.07.23"]
[Round "1"]
[White "Wall, Tim"]
[Black "Murphy, Hugh"]
[Result "0-1"]
[WhiteElo "2347"]
[BlackElo "2180"]
[PlyCount "70"]
[EventDate "2012.07.23"]
[EventType "swiss"]
[EventRounds "11"]
[EventCountry "ENG"]
[Source "John Saunders"]
[SourceDate "2015.07.24"]

1. b3 d5 2. Bb2 Nf6 3. e3 Bf5 4. Nf3 e6 5. d3 Be7 6. Nbd2 O-O 7. h3 c5 8. g4
Bg6 9. h4 h5 10. Ne5 Nxg4 11. Nxg4 hxg4 12. h5 Bh7 13. h6 Bf6 14. hxg7 Kxg7 15.
Qxg4+ Bg6 16. d4 cxd4 17. exd4 Rh8 18. Rxh8 Qxh8 19. O-O-O Qh4 20. Qg3 Qxg3 21.
fxg3 Nc6 22. Nf3 Nb4 23. c3 Rc8 24. Kd2 a6 25. Ke3 Nc6 26. g4 Rh8 27. Be2 Be4
28. g5 Be7 29. Rg1 Bd6 30. Bc1 Ne7 31. Kf2 Ng6 32. Be3 Rh3 33. Nd2 Bh2 34. Rg4
Bf5 35. Rg2 Nh4 0-1

[Event "GBR-ch 99th"]
[Site "North Shields"]
[Date "2012.07.23"]
[Round "1"]
[White "Whitfield, Craig M"]
[Black "Mackle, Dominic"]
[Result "0-1"]
[WhiteElo "2020"]
[BlackElo "2130"]
[PlyCount "64"]
[EventDate "2012.07.23"]
[EventType "swiss"]
[EventRounds "11"]
[EventCountry "ENG"]
[Source "John Saunders"]
[SourceDate "2015.07.24"]

1. e4 e6 2. d4 d5 3. Nc3 Nf6 4. Bg5 Bb4 5. e5 h6 6. Bd2 Bxc3 7. Bxc3 Ne4 8. Qg4
O-O 9. Bd3 Nxc3 10. bxc3 c5 11. Nf3 Qa5 12. Kd2 c4 13. Be2 Qa3 14. h4 Nc6 15.
Nh2 b5 16. Qg3 a5 17. Ng4 Kh7 18. h5 b4 19. Qe3 Bd7 20. Rhb1 Rfb8 21. Bd1 Ra7
22. Nh2 Kg8 23. Nf3 Ne7 24. g4 Rab7 25. cxb4 axb4 26. Ke1 Ra7 27. Qxa3 Rxa3 28.
Ng1 Nc6 29. Ne2 Rba8 30. c3 bxc3 31. Rb7 Be8 32. Rc7 Nb4 0-1

[Event "GBR-ch 99th"]
[Site "North Shields"]
[Date "2012.07.24"]
[Round "2"]
[White "Adair, James"]
[Black "Kolbus, Dietmar"]
[Result "1-0"]
[WhiteElo "2262"]
[BlackElo "2321"]
[PlyCount "67"]
[EventDate "2012.07.23"]
[EventType "swiss"]
[EventRounds "11"]
[EventCountry "ENG"]
[Source "John Saunders"]
[SourceDate "2015.07.24"]

1. e4 d5 2. exd5 Qxd5 3. Nf3 Bg4 4. Be2 Nc6 5. d4 O-O-O 6. Be3 e5 7. c4 Qa5+ 8.
Bd2 Bb4 9. d5 Bxf3 10. Bxf3 Bxd2+ 11. Nxd2 Nd4 12. O-O Nxf3+ 13. Nxf3 f6 14.
Qc2 Ne7 15. Rab1 c6 16. b4 Qc7 17. dxc6 Nxc6 18. c5 a6 19. b5 axb5 20. Rxb5 Rd5
21. Rfb1 Rhd8 22. h3 Na7 23. Rxb7 Qxb7 24. Rxb7 Kxb7 25. Qxh7 R8d7 26. Qb1+ Ka8
27. Qe4 Kb8 28. Qc4 Kb7 29. Nh4 Kc6 30. Nf5 Rxc5 31. Qa6+ Kd5 32. Ne3+ Ke4 33.
Qa4+ Rd4 34. Qxa7 1-0

[Event "GBR-ch 99th"]
[Site "North Shields"]
[Date "2012.07.24"]
[Round "2"]
[White "Arkell, Keith C"]
[Black "Jaunooby, Ali Reza"]
[Result "1-0"]
[WhiteElo "2441"]
[BlackElo "2165"]
[PlyCount "79"]
[EventDate "2012.07.23"]
[EventType "swiss"]
[EventRounds "11"]
[EventCountry "ENG"]
[Source "John Saunders"]
[SourceDate "2015.07.24"]

1. d4 Nf6 2. Nf3 e6 3. c4 c5 4. d5 b5 5. Bg5 Qa5+ 6. Qd2 b4 7. Bxf6 gxf6 8. e4
h5 9. Be2 Bh6 10. Qd3 b3+ 11. Qc3 Qxa2 12. O-O Qxa1 13. Na3 Qa2 14. Bd1 Qa1 15.
Bxb3 Qxf1+ 16. Kxf1 Bg7 17. Nb5 Na6 18. Qa5 O-O 19. Nd6 Nb4 20. Qxc5 a5 21.
dxe6 dxe6 22. Qxh5 a4 23. Bd1 Nd3 24. Bc2 Nf4 25. Qg4 e5 26. Nxc8 Rfxc8 27. g3
Ne6 28. Nh4 Rxc4 29. Bd3 Rb4 30. Nf5 Rd8 31. Ne7+ Kf8 32. Nc6 f5 33. Qh4 Rbd4
34. Qe7+ Kg8 35. Nxd4 Rxd4 36. exf5 Bf8 37. Qa7 Nc5 38. Bb5 Rb4 39. Bc6 Rd4 40.
Be8 1-0

[Event "GBR-ch 99th"]
[Site "North Shields"]
[Date "2012.07.24"]
[Round "2"]
[White "Coathup, Roger"]
[Black "Hoare, Amy B"]
[Result "1-0"]
[WhiteElo "2136"]
[BlackElo "1958"]
[PlyCount "85"]
[EventDate "2012.07.23"]
[EventType "swiss"]
[EventRounds "11"]
[EventCountry "ENG"]
[Source "John Saunders"]
[SourceDate "2015.07.24"]

1. d4 Nf6 2. c4 g6 3. Nd2 d5 4. cxd5 Nxd5 5. Ngf3 Bg7 6. e4 Nb6 7. Nb3 O-O 8.
Be3 Nc6 9. Bb5 Qd6 10. Qd2 a6 11. Be2 Qb4 12. O-O Qxd2 13. Nfxd2 Rd8 14. d5 Nb4
15. Rac1 Bxb2 16. Rxc7 Na4 17. Nc4 Bf6 18. Nb6 Nxb6 19. Bxb6 Bd7 20. Ba5 Nxa2
21. Rc2 b6 22. Bd2 Bb5 23. Re1 Ba4 24. Rb1 Bb5 25. Kf1 Nc3 26. Bxc3 Rdc8 27.
Bxb5 axb5 28. Rbc1 Bxc3 29. Rxc3 Rxc3 30. Rxc3 b4 31. Rc4 Ra4 32. Nd4 Ra1+ 33.
Ke2 Rb1 34. Nc6 b3 35. Rb4 Rb2+ 36. Ke3 Kf8 37. Rxb6 e6 38. Nd4 exd5 39. exd5
Ra2 40. Rxb3 Ra5 41. Ke4 Ke8 42. Ke5 Ra6 43. Nc6 1-0

[Event "GBR-ch 99th"]
[Site "North Shields"]
[Date "2012.07.24"]
[Round "2"]
[White "Combie, Alexander"]
[Black "Wall, Tim"]
[Result "0-1"]
[WhiteElo "2039"]
[BlackElo "2347"]
[PlyCount "108"]
[EventDate "2012.07.23"]
[EventType "swiss"]
[EventRounds "11"]
[EventCountry "ENG"]
[Source "John Saunders"]
[SourceDate "2015.07.24"]

1. d4 g6 2. c4 Bg7 3. e4 c5 4. Nf3 cxd4 5. Nxd4 Nc6 6. Be3 Nf6 7. Nc3 d6 8. Be2
O-O 9. Qd2 Bd7 10. O-O Nxd4 11. Bxd4 Bc6 12. f3 a5 13. Rab1 Nd7 14. Be3 Nc5 15.
b3 Qb6 16. Nd5 Bxd5 17. cxd5 Qb4 18. Qc1 Rfc8 19. a3 Qc3 20. Qxc3 Bxc3 21. Rfc1
Be5 22. Bb5 Kg7 23. f4 Nxe4 24. fxe5 dxe5 25. Bb6 Nc3 26. Rxc3 Rxc3 27. Bc4 a4
28. Bc7 f6 29. d6 exd6 30. Bxd6 Rd8 31. Bb4 Rc2 32. Be6 b5 33. bxa4 bxa4 34. g4
e4 35. Rf1 e3 36. Be7 Rdd2 37. Bxf6+ Kh6 38. Be5 Rg2+ 39. Kh1 Rgf2 40. Rxf2
exf2 41. Kg2 Re2 42. Bd7 Rxe5 43. Bxa4 Re2 44. Bd7 Kg5 45. Bb5 Rb2 46. Bf1 Kxg4
47. a4 Kf4 48. a5 Ke3 49. a6 Rb1 50. Bc4 Rg1+ 51. Kh3 f1=Q+ 52. Bxf1 Rxf1 53.
a7 Ra1 54. a8=Q Rxa8 0-1

[Event "GBR-ch 99th"]
[Site "North Shields"]
[Date "2012.07.24"]
[Round "2"]
[White "Eggleston, David"]
[Black "Turner, Matthew"]
[Result "1/2-1/2"]
[WhiteElo "2323"]
[BlackElo "2508"]
[PlyCount "63"]
[EventDate "2012.07.23"]
[EventType "swiss"]
[EventRounds "11"]
[EventCountry "ENG"]
[Source "John Saunders"]
[SourceDate "2015.07.24"]

1. e4 c5 2. Nf3 Nc6 3. d4 cxd4 4. Nxd4 e5 5. Nb5 a6 6. Nd6+ Bxd6 7. Qxd6 Qf6 8.
Qxf6 Nxf6 9. Nc3 Nb4 10. Kd2 d5 11. a3 d4 12. axb4 dxc3+ 13. Ke3 Ng4+ 14. Ke2
cxb2 15. Bxb2 Be6 16. h3 Rc8 17. Rc1 Bc4+ 18. Kf3 Bxf1 19. hxg4 Bb5 20. Bxe5
O-O 21. Bd4 Rfd8 22. c3 f6 23. Kg3 h6 24. f3 Kf7 25. Rce1 Re8 26. Rh5 Re6 27.
e5 Rce8 28. f4 fxe5 29. fxe5 Rg6 30. Re4 Kg8 31. Rh1 Bd7 32. Rf4 1/2-1/2

[Event "GBR-ch 99th"]
[Site "North Shields"]
[Date "2012.07.24"]
[Round "2"]
[White "Gordon, Stephen J"]
[Black "Roe, Simon J"]
[Result "1-0"]
[WhiteElo "2539"]
[BlackElo "2275"]
[PlyCount "89"]
[EventDate "2012.07.23"]
[EventType "swiss"]
[EventRounds "11"]
[EventCountry "ENG"]
[Source "John Saunders"]
[SourceDate "2015.07.24"]

1. d4 d5 2. c4 e6 3. Nf3 c5 4. cxd5 exd5 5. g3 Nc6 6. Bg2 c4 7. O-O Bb4 8. b3
cxb3 9. Qxb3 Nge7 10. Ba3 Bxa3 11. Qxa3 O-O 12. Nbd2 Be6 13. Nb3 b6 14. Rfc1 f6
15. Ne1 a5 16. e3 Nb4 17. Qb2 Qd6 18. Bf1 Bf5 19. Nd2 Rab8 20. Nb1 Rfc8 21. Nc3
Kh8 22. a3 Nbc6 23. Ba6 Rd8 24. Qe2 Na7 25. Nd3 b5 26. Nc5 Qb6 27. Ra2 b4 28.
axb4 axb4 29. N3a4 Qc6 30. Nb3 Qd6 31. Nac5 Qb6 32. Qf3 Nb5 33. Bxb5 Qxb5 34.
Ra7 Nc6 35. Rxg7 Kxg7 36. Qxf5 Rd6 37. Ne6+ Kf7 38. Qxh7+ Kxe6 39. Nc5+ Qxc5
40. dxc5 Rdd8 41. Qd3 Rd7 42. Ra1 Rc7 43. Ra6 b3 44. Rb6 b2 45. Qb5 1-0

[Event "GBR-ch 99th"]
[Site "North Shields"]
[Date "2012.07.24"]
[Round "2"]
[White "Gormally, Daniel"]
[Black "Holland, James P"]
[Result "1/2-1/2"]
[WhiteElo "2505"]
[BlackElo "2200"]
[PlyCount "95"]
[EventDate "2012.07.23"]
[EventType "swiss"]
[EventRounds "11"]
[EventCountry "ENG"]
[Source "John Saunders"]
[SourceDate "2015.07.24"]

1. d4 d5 2. Nf3 c5 3. c4 e6 4. cxd5 exd5 5. Nc3 Nc6 6. g3 Nf6 7. Bg2 Be7 8. O-O
O-O 9. Bg5 c4 10. Ne5 Be6 11. b3 h6 12. Bxf6 Bxf6 13. Nxc6 bxc6 14. bxc4 dxc4
15. e3 Qa5 16. Qc2 c5 17. Ne4 Bxd4 18. exd4 cxd4 19. Nd6 d3 20. Nxc4 Qa6 21.
Qd2 Bxc4 22. Bxa8 Rxa8 23. Rfe1 Rd8 24. Re4 Qc6 25. Qe3 Qd5 26. Re5 Qd7 27. Rd1
Bb5 28. Qc5 a6 29. Re7 Qg4 30. Rd2 Rc8 31. f3 Qh3 32. Qf2 Qf5 33. Re4 Qh3 34.
a4 Bxa4 35. Rxd3 Bc2 36. Rh4 Qxh4 37. gxh4 Bxd3 38. Qd4 Bb5 39. f4 Rc6 40. Kf2
Re6 41. Kg3 Rg6+ 42. Kf2 Re6 43. h5 Re2+ 44. Kg3 Re6 45. Qd8+ Re8 46. Qd5 Re3+
47. Kh4 Re6 48. Kg3 1/2-1/2

[Event "GBR-ch 99th"]
[Site "North Shields"]
[Date "2012.07.24"]
[Round "2"]
[White "Hawkins, Jonathan"]
[Black "Burnett, Jim"]
[Result "1-0"]
[WhiteElo "2499"]
[BlackElo "2174"]
[PlyCount "64"]
[EventDate "2012.07.23"]
[EventType "swiss"]
[EventRounds "11"]
[EventCountry "ENG"]
[Source "John Saunders"]
[SourceDate "2015.07.24"]

1. d4 d5 2. c4 e6 3. Nc3 c6 4. Nf3 dxc4 5. a4 Bb4 6. e3 b5 7. Bd2 a5 8. axb5
Bxc3 9. Bxc3 cxb5 10. b3 Bb7 11. bxc4 b4 12. Bb2 Nf6 13. Bd3 Nbd7 14. O-O O-O
15. Nd2 e5 16. d5 Nc5 17. Bc2 Qe7 18. Nb3 Nxb3 19. Bxb3 Nd7 20. f4 exf4 21.
exf4 f6 22. Bd4 Nc5 23. Re1 Qc7 24. Bc2 Rac8 25. Qh5 g6 26. Qh6 b3 27. Bb1 Na6
28. f5 Qg7 29. Qe3 Rxc4 30. Bd3 Rcc8 31. Qe6+ Qf7 32. Bxa6 Qxe6 1-0

[Event "GBR-ch 99th"]
[Site "North Shields"]
[Date "2012.07.24"]
[Round "2"]
[White "Houska, Jovanka"]
[Black "Harvey, Marcus Ross"]
[Result "1-0"]
[WhiteElo "2406"]
[BlackElo "2134"]
[PlyCount "99"]
[EventDate "2012.07.23"]
[EventType "swiss"]
[EventRounds "11"]
[EventCountry "ENG"]
[Source "John Saunders"]
[SourceDate "2015.07.24"]

1. d4 g6 2. Nf3 Bg7 3. c4 b6 4. g3 Bb7 5. Bg2 e6 6. O-O Ne7 7. Nc3 d6 8. Bf4 h6
9. e4 O-O 10. Qd2 Kh7 11. Rfe1 Nd7 12. Rad1 Nc6 13. Be3 e5 14. b3 a5 15. h3 Re8
16. dxe5 Ndxe5 17. Nd4 Nb4 18. Re2 Nd7 19. a3 Na6 20. Qc2 Nac5 21. Ndb5 Qb8 22.
f4 Bf8 23. Bf2 c6 24. Nd4 Qc7 25. b4 axb4 26. axb4 Ne6 27. Nf3 Ba6 28. Qb3 Rab8
29. Red2 Red8 30. f5 Ng7 31. c5 Nxc5 32. bxc5 bxc5 33. Qa2 Ra8 34. Qc2 Nh5 35.
fxg6+ fxg6 36. Ne2 Bb5 37. Nc3 Bc4 38. e5 d5 39. Nh4 Qf7 40. Bf3 Ng7 41. Be4
dxe4 42. Rxd8 Rxd8 43. Rxd8 Ne6 44. Rxf8 Nxf8 45. Nxe4 Nd7 46. Nd6 Bb3 47. Nxf7
Bxc2 48. e6 Nf6 49. Bxc5 Bb3 50. Nd8 1-0

[Event "GBR-ch 99th"]
[Site "North Shields"]
[Date "2012.07.24"]
[Round "2"]
[White "Jones, Gawain C"]
[Black "Chapman, Terry PD"]
[Result "1-0"]
[WhiteElo "2655"]
[BlackElo "2290"]
[PlyCount "79"]
[EventDate "2012.07.23"]
[EventType "swiss"]
[EventRounds "11"]
[EventCountry "ENG"]
[Source "John Saunders"]
[SourceDate "2015.07.24"]

1. e4 c6 2. d4 d5 3. Nc3 dxe4 4. Nxe4 Bf5 5. Ng3 Bg6 6. h4 h6 7. Nf3 Nd7 8. h5
Bh7 9. Bd3 Bxd3 10. Qxd3 e6 11. Bd2 Ngf6 12. O-O-O Be7 13. Kb1 O-O 14. Ne4 Nxe4
15. Qxe4 Nf6 16. Qe2 Qd5 17. Be3 b5 18. Ne5 a5 19. g4 a4 20. g5 hxg5 21. h6 g6
22. h7+ Kh8 23. Bxg5 a3 24. b3 Ra7 25. f3 Bd8 26. Nxc6 Qxg5 27. Nxa7 b4 28. Qe5
Qxe5 29. dxe5 Nd5 30. Nb5 Be7 31. Rd3 Rb8 32. c4 bxc3 33. Nxc3 Nb6 34. Rd4 Rc8
35. Ne4 Nd5 36. Rc4 Rd8 37. Rc6 Bf8 38. Ng5 Rd7 39. Rc8 Kg7 40. Rxf8 1-0

[Event "GBR-ch 99th"]
[Site "North Shields"]
[Date "2012.07.24"]
[Round "2"]
[White "Ledger, Stephen"]
[Black "Palliser, Richard"]
[Result "0-1"]
[WhiteElo "2089"]
[BlackElo "2482"]
[PlyCount "44"]
[EventDate "2012.07.23"]
[EventType "swiss"]
[EventRounds "11"]
[EventCountry "ENG"]
[Source "John Saunders"]
[SourceDate "2015.07.24"]

1. d4 g6 2. e4 Bg7 3. Nc3 d6 4. f4 Nf6 5. Nf3 c5 6. dxc5 Qa5 7. Qd4 dxc5 8.
Qa4+ Qxa4 9. Nxa4 Nxe4 10. Bd3 Bf5 11. O-O Nd7 12. g4 c4 13. gxf5 cxd3 14. cxd3
Nd6 15. fxg6 hxg6 16. Bd2 Rc8 17. Rac1 O-O 18. Rfe1 Nf5 19. Ne5 Nxe5 20. fxe5
Rxc1 21. Bxc1 Rd8 22. Nc5 b6 0-1

[Event "GBR-ch 99th"]
[Site "North Shields"]
[Date "2012.07.24"]
[Round "2"]
[White "Lenier, Jude"]
[Black "Brown, Martin"]
[Result "1-0"]
[WhiteElo "2016"]
[BlackElo "2224"]
[PlyCount "83"]
[EventDate "2012.07.23"]
[EventType "swiss"]
[EventRounds "11"]
[EventCountry "ENG"]
[Source "John Saunders"]
[SourceDate "2015.07.24"]

1. e4 e6 2. Nf3 d5 3. e5 c5 4. b4 cxb4 5. d4 Nc6 6. a3 f6 7. axb4 fxe5 8. Nxe5
Nxe5 9. dxe5 Bxb4+ 10. c3 Bc5 11. Bd3 Ne7 12. Qh5+ g6 13. Qh6 Qc7 14. Bf4 Nf5
15. Bxf5 exf5 16. O-O Be6 17. Bg5 Bf8 18. Qh3 Bg7 19. Na3 Kf7 20. Nb5 Qd7 21.
Nd6+ Kg8 22. Rfb1 Bxe5 23. Nxb7 Qc7 24. Qe3 h6 25. Bf4 Bxf4 26. Qxe6+ Qf7 27.
Qc6 Kh7 28. Nd8 Rhxd8 29. Rb7 Qxb7 30. Qxb7+ Kh8 31. g3 Bg5 32. Ra6 Rab8 33.
Qxa7 Rg8 34. h4 Bc1 35. Qd4+ Rg7 36. Rxg6 Rbb7 37. h5 Rbd7 38. Rf6 Kg8 39. Rxf5
Rde7 40. Qxd5+ Kh7 41. Rf8 Rg5 42. Qd8 1-0

[Event "GBR-ch 99th"]
[Site "North Shields"]
[Date "2012.07.24"]
[Round "2"]
[White "Mackle, Dominic"]
[Black "Howell, David"]
[Result "0-1"]
[WhiteElo "2130"]
[BlackElo "2620"]
[PlyCount "48"]
[EventDate "2012.07.23"]
[EventType "swiss"]
[EventRounds "11"]
[EventCountry "ENG"]
[Source "John Saunders"]
[SourceDate "2015.07.24"]

1. d4 g6 2. Nf3 Bg7 3. c4 d6 4. Nc3 c5 5. e3 cxd4 6. exd4 Bg4 7. Be2 Nc6 8. O-O
Nh6 9. h3 Bxf3 10. Bxf3 Nf5 11. Bxc6+ bxc6 12. d5 O-O 13. Re1 Rc8 14. g4 Nd4
15. Bg5 Re8 16. Re4 c5 17. Qd3 Qd7 18. Rae1 e5 19. dxe6 fxe6 20. Ne2 d5 21. Re3
e5 22. cxd5 e4 23. Rxe4 Rxe4 24. Qxe4 Re8 0-1

[Event "GBR-ch 99th"]
[Site "North Shields"]
[Date "2012.07.24"]
[Round "2"]
[White "Maroroa, Sue Yuchan"]
[Black "Jain, Radha"]
[Result "0-1"]
[WhiteElo "2035"]
[BlackElo "1868"]
[PlyCount "79"]
[EventDate "2012.07.23"]
[EventType "swiss"]
[EventRounds "11"]
[EventCountry "ENG"]
[Source "John Saunders"]
[SourceDate "2015.07.24"]

1. e4 c5 2. Nf3 e6 3. g3 d5 4. exd5 exd5 5. d4 Nf6 6. Bg2 cxd4 7. O-O Be7 8.
Nxd4 O-O 9. Nc3 Nc6 10. a3 Bg4 11. Qd2 Qd7 12. Nxc6 bxc6 13. Qd3 Bf5 14. Qd1
Rab8 15. b3 Bh3 16. Re1 Bxg2 17. Kxg2 Bc5 18. Na4 Bd6 19. Bb2 Ne4 20. Qd4 f5
21. f3 Ng5 22. h4 Nxf3 23. Kxf3 f4 24. g4 h5 25. Rg1 Rbe8 26. Qxg7+ Qxg7 27.
Bxg7 Kxg7 28. gxh5+ Kh7 29. Rae1 d4 30. Re4 Rxe4 31. Kxe4 f3 32. Kxd4 Bg3 33.
Rf1 Bxh4 34. Nc5 Kh6 35. Ke4 f2 36. Nd3 Kxh5 37. Ke3 Re8+ 38. Kf3 Re1 39. Kg2
Re3 40. Nxf2 0-1

[Event "GBR-ch 99th"]
[Site "North Shields"]
[Date "2012.07.24"]
[Round "2"]
[White "Mason, Donald"]
[Black "Grattage, Matthew"]
[Result "1-0"]
[WhiteElo "2244"]
[BlackElo "1986"]
[PlyCount "55"]
[EventDate "2012.07.23"]
[EventType "swiss"]
[EventRounds "11"]
[EventCountry "ENG"]
[Source "John Saunders"]
[SourceDate "2015.07.24"]

1. c4 Nf6 2. Nc3 b6 3. d4 Bb7 4. d5 e6 5. a3 Be7 6. e4 d6 7. Bd3 Nbd7 8. Bc2 c6
9. Nge2 cxd5 10. cxd5 Rc8 11. dxe6 fxe6 12. Nd4 Nf8 13. O-O a6 14. f4 d5 15. e5
Ne4 16. Qg4 Bc5 17. Be3 Nxc3 18. bxc3 Qe7 19. f5 exf5 20. Bxf5 Bxd4 21. cxd4
Rc4 22. Bg5 Qc7 23. e6 Bc8 24. e7 Ng6 25. Bxc8 Qxc8 26. Qf3 Qe6 27. Rae1 Qg8
28. Qf8+ 1-0

[Event "GBR-ch 99th"]
[Site "North Shields"]
[Date "2012.07.24"]
[Round "2"]
[White "McDonald, Ian"]
[Black "Foster, James M"]
[Result "1-0"]
[WhiteElo "1876"]
[BlackElo "2037"]
[PlyCount "117"]
[EventDate "2012.07.23"]
[EventType "swiss"]
[EventRounds "11"]
[EventCountry "ENG"]
[Source "John Saunders"]
[SourceDate "2015.07.24"]

1. e4 e6 2. d4 d5 3. exd5 exd5 4. Nf3 Bd6 5. Bd3 Nf6 6. O-O O-O 7. Re1 Bg4 8.
h3 Bh5 9. c3 Nbd7 10. Be3 c6 11. Nbd2 Bg6 12. Bxg6 hxg6 13. Qb3 Qb6 14. Qc2 Qc7
15. Rac1 Rfe8 16. c4 dxc4 17. Nxc4 Nd5 18. Nxd6 Qxd6 19. Bd2 Qc7 20. Qc4 Qb6
21. b3 N7f6 22. Ne5 Qc7 23. f4 Rad8 24. Qd3 Ne7 25. Nf3 Nfd5 26. Re4 Nf5 27.
Rce1 Rxe4 28. Qxe4 Nf6 29. Qe5 Qd7 30. g4 Nxd4 31. Nxd4 Qxd4+ 32. Qxd4 Rxd4 33.
Be3 Re4 34. Kf2 Nd5 35. Bxa7 Rxe1 36. Kxe1 Nxf4 37. h4 Ng2+ 38. Kf2 Nxh4 39.
Ke3 g5 40. Kd4 f5 41. gxf5 Nxf5+ 42. Ke5 Ne7 43. Ke6 Nd5 44. Kd7 Kf7 45. Kc8 b5
46. Kd7 b4 47. Bc5 Nc3 48. Bxb4 Nxa2 49. Bd2 g4 50. Kxc6 g3 51. Kd5 g2 52. Be3
Nc3+ 53. Kd6 Ne2 54. b4 g1=Q 55. Bxg1 Nxg1 56. b5 Ne2 57. b6 Nc3 58. b7 Ne4+
59. Kc6 1-0

[Event "GBR-ch 99th"]
[Site "North Shields"]
[Date "2012.07.24"]
[Round "2"]
[White "Murphy, Hugh"]
[Black "Hanley, Craig"]
[Result "1-0"]
[WhiteElo "2180"]
[BlackElo "2419"]
[PlyCount "113"]
[EventDate "2012.07.23"]
[EventType "swiss"]
[EventRounds "11"]
[EventCountry "ENG"]
[Source "John Saunders"]
[SourceDate "2015.07.24"]

1. e4 c5 2. c3 d5 3. exd5 Qxd5 4. d4 g6 5. Nf3 Bg7 6. Na3 cxd4 7. Bc4 Qe4+ 8.
Be3 Nh6 9. Nb5 O-O 10. cxd4 Nc6 11. O-O Bg4 12. Ng5 Bxd1 13. Nxe4 Bc2 14. Nc5
Na5 15. Be2 b6 16. Rac1 Bf5 17. Na6 Be4 18. b4 Nb7 19. Rc7 Nf5 20. Nc3 Nbd6 21.
Nxe4 Nxe4 22. Bf3 Nxe3 23. fxe3 f5 24. Bxe4 fxe4 25. Rxe7 Bh6 26. Rxf8+ Kxf8
27. Rxe4 Rc8 28. Kf2 Rc2+ 29. Kf3 Rxa2 30. b5 Bg5 31. Re5 Bh4 32. Rd5 h5 33. g3
Bf6 34. h4 Ke7 35. e4 Ra3+ 36. Kf4 Bg7 37. g4 Bh6+ 38. g5 Bg7 39. Nb8 Rh3 40.
e5 Rxh4+ 41. Kf3 Ke6 42. Rd6+ Kf5 43. Rd7 Rf4+ 44. Ke3 Bxe5 45. dxe5 Re4+ 46.
Kd3 Rxe5 47. Nc6 Rc5 48. Nd4+ Kg4 49. Rxa7 Rxg5 50. Ke4 Kh3 51. Ra3+ Rg3 52.
Nf3 h4 53. Ra1 Rg4+ 54. Ke3 Rb4 55. Rh1+ Kg2 56. Rg1+ Kh3 57. Nd4 1-0

[Event "GBR-ch 99th"]
[Site "North Shields"]
[Date "2012.07.24"]
[Round "2"]
[White "Osborne, Marcus E"]
[Black "Wadsworth, Matthew J"]
[Result "1-0"]
[WhiteElo "2245"]
[BlackElo "2037"]
[PlyCount "41"]
[EventDate "2012.07.23"]
[EventType "swiss"]
[EventRounds "11"]
[EventCountry "ENG"]
[Source "John Saunders"]
[SourceDate "2015.07.24"]

1. d4 f5 2. c4 Nf6 3. Nc3 d6 4. Bg5 Nbd7 5. Nh3 e5 6. e3 g6 7. c5 Bg7 8. cxd6
cxd6 9. dxe5 dxe5 10. Qb3 Qb6 11. Bb5 a6 12. Bxf6 Qxf6 13. Nd5 Qd8 14. Ng5 Qa5+
15. Nc3 Rf8 16. Qe6+ Kd8 17. Bxd7 Bxd7 18. O-O-O Qc7 19. Rxd7+ Qxd7 20. Rd1
Qxd1+ 21. Kxd1 1-0